| 000 | 00956nam a2200277Ia 4500 | ||
|---|---|---|---|
| 003 | OSt | ||
| 005 | 20221005062438.0 | ||
| 006 | a|||||r|||| 00| 0 | ||
| 007 | ta | ||
| 008 | 221004b |||||||| |||| 00| 0 eng d | ||
| 020 |
_a9781783483105 (pbk) _cUKP 23.95 |
||
| 024 | _a33169 | ||
| 037 |
_b13005, 09/03/2017, Elite Publishers Distributors _cTextual |
||
| 040 |
_aCRL _cCRL _beng |
||
| 041 |
_2eng _aeng |
||
| 082 | _aR3xC53, Q6 | ||
| 100 |
_aFrodeman Robert Au. _9601850 |
||
| 245 | 0 |
_aSocrates tenured _b the institutions of twenty-first-century philosophy |
|
| 260 |
_aLondon _bRowman and Littlefield UK _c2016 |
||
| 300 |
_axiii,166p. _ccm. |
||
| 490 | _aCollective studies inknowledge and society | ||
| 650 |
_aSOCRATES _9601851 |
||
| 700 |
_a Briggle Adam Au. _9601852 |
||
| 942 |
_hR3xC53, Q6 _cTEXL _2cc |
||
| 999 |
_c969710 _d969710 |
||